000 00798nam a22002657a 4500
003 UA-OsUOA
001 75990
007 ta
008 20110608b un ||||| |||| 00| 0 ukr d
100 _aМунін Г.Б.
700 _aКарягін Ю.О.
700 _aАртеменко А.С.
090 _a640.41:334
_bМ90
942 _cBK
040 _aUA-OsUOA
_bukr
_cUA-OsUOA
_dUA-OsUOA
245 _aФранчайзинг у готельно-ресторанному бізнесі
_bнавч. посіб.
_cза заг. ред. Л.С.Трофименко і О.О.Гаца
300 _a370 с.
955 _a2
041 _aukr
080 _a640.41:334
020 _a978-966-351-8
260 _aК.
_bКондор
_c2008
650 7 _a64 Домоведення
_2UDC
999 _c362288
_d362288